| 000 | 00687nam a22002057a 4500 | ||
|---|---|---|---|
| 003 | OSt | ||
| 005 | 20251124145230.0 | ||
| 008 | 251124b |||||||| |||| 00| 0 eng d | ||
| 020 | _a0-8153-4106-7. | ||
| 040 |
_aDWCL-Main lib _cOC |
||
| 082 |
_25th ed. _aCirc. 571.6 M718 2008 |
||
| 100 | _aAlberts, Bruce | ||
| 245 |
_aMolecular biology of the cell _cAlberts, Bruce |
||
| 260 |
_aN. Y. : _bGarland Science, Taylor & Francis Group, _cc2008. |
||
| 300 |
_axxxiii, (various paging) : _bcol. ill. ; _c27 cm. + 1 DVD-ROM. |
||
| 504 | _aIncludes bibliographical references and index. | ||
| 650 | _21. Cytology. | ||
| 650 | _22. Molecular Biology. | ||
| 942 |
_2ddc _cBK-CIRC _e5th ed. _kCirc. _n0 |
||
| 999 |
_c6109 _d6109 |
||